Les 20 pays avec le meilleur IDH - Statistiques

Statistiques générales
  • Ce quiz a été pris 124 fois
  • Le résultat moyen est 16 sur 20
Statistiques - réponses
IDH Réponse % Correct
0,926 États-Unis
98%
0,929 Canada
95%
0,945 Suède
94%
0,957 Norvège
92%
0,938 Finlande
90%
0,955 Suisse
90%
0,947 Allemagne
89%
0,919 Japon
89%
0,940 Danemark
88%
0,944 Pays-Bas
85%
0,932 Royaume-Uni
85%
0,949 Islande
83%
0,944 Australie
82%
0,931 Belgique
79%
0,955 Irlande
73%
0,931 Nouvelle-Zélande
72%
0,922 Autriche
71%
0,938 Singapour
52%
0,919 Israël
36%
0,949 Hong Kong
9%
Aucun quiz correspondant
Distribution des résultats
% des personnes avec chaque résultat
Percentile par nombre de réponses
Votre historique - résultats
Vous n’avez pas pris ce quiz